Words With 2 Meanings - Statistics

General Stats
  • This quiz has been taken 35 times
  • The average score is 8 of 10
Answer Stats
Hint Answer % Correct
A season; what can happen when you miss a step… Fall
97%
A sound a dog makes; found on trees… Bark
94%
A wrist accessory; something you can do with binoculars… Watch
88%
A fruit; when someone asks you out… Date
84%
Someone who cheers for a team; a machine that blows air around... Fan
84%
Seeing something in past tense; a tool… Saw
84%
Type of butterfly; a Queen for example… Monarch
81%
A way a game can end without a winner; something you wear… Tie
81%
Something that can hold up your hair; a part from a video… Clip
72%
Unit of measurement; a piece of land beside a building… Yard
66%
No matching quizzes found
Score Distribution
Percent of People with Each Score
Percentile by Number Answered
Your Score History
You have not taken this quiz